• 首页
  • 本馆介绍
  • 公告通知
  • 最新文献
  • 馆藏检索
  • 电子资源
  • 读者导购
  • 参考咨询
  • 我的图书馆
  • 登录
  • 详细信息显示
  • 放入我的书架
  • 预约/预借图书
  • 作者相关作品
  • 分类相关作品
  • 丛书相关作品
  • 出版社相关作品

书目信息

  • 表格格式
  • 工作单格式
  • 卡片格式
题名:
论瓦尔特·本雅明
    
 
作者: 德里达, , 阿多诺, 著 ;曹雷雨 , 郭军 译
分册:  
出版信息: 长春   吉林人民出版社  2011.1
页数: 390页
开本: 24cm
丛书名: 人文译丛
单 册:
中图分类: B516.59
科图分类:
主题词: 哲学思想--理论研究--德国--现代
电子资源:
ISBN: 978-7-206-07157-7
000 01422nam 2200337 45
001 516
005 20120531150456.18
010    @a978-7-206-07157-7@dCNY50.00
100    @a20120328d2011 em y0chiy0110 ea
101 1  @achi@cger
102    @aCN@b220000
105    @ay a 000yy
106    @ar
200 1  @a论瓦尔特·本雅明@ALun Wa Er Te· Ben Ya Ming@dCriticism of Walter Benjamin@e现代性、寓言和语言的种子@EXian Dai Xing、 Yu Yan He Yu Yan De Zhong Zi@f西奥多·阿多诺,雅克·德里达等著@FXi Ao Duo· A Duo Nuo, Ya Ke· De Li Da Deng Zhu@g郭军,曹雷雨译@zeng
205    @a2版
210    @a长春@c吉林人民出版社@d2011.1
215    @a390页@d24cm
225 2  @a人文译丛
330    @a本书的作者阿多诺、德里达、哈贝马斯、保罗·德曼等,都是重要的欧美知识分子,他们从各个角度对本雅明进行了解读。本雅明的众多主题——寓言、语言、现代性、犹太神学等,在这些解读中呈现出复杂而多样的面孔。
461  0 @12001 @a人文译丛
510 1  @aCriticism of Walter Benjamin@zeng
517 1  @a现代性、寓言和语言的种子@AXian Dai Xing、 Yu Yan He Yu Yan De Zhong Zi
600  1 @a本亚明@f1892-1940@x哲学思想@x理论研究@j文集
606 0  @a哲学思想@x理论研究@y德国@z现代
690    @aB516.59@v4
701  1 @a德里达,@ADe Li Da ,@b雅克@4著
701  1 @a阿多诺,@AA Duo Nuo ,@b西奥多@4著
702  0 @a曹雷雨@ACao Lei Yu@4译
702  0 @a郭军@AGuo Jun@4译
801  0 @aCN@bTSTCL@c20120328
905    @b0815040-43@dB516.59@e136=2@f4
    
    论瓦尔特·本雅明=Criticism of Walter Benjamin:现代性、寓言和语言的种子/西奥多·阿多诺,雅克·德里达等著/郭军,曹雷雨译.-2版.-长春:吉林人民出版社,2011.1
    390页;24cm.-(人文译丛)
    
    
    ISBN 978-7-206-07157-7:CNY50.00
    本书的作者阿多诺、德里达、哈贝马斯、保罗·德曼等,都是重要的欧美知识分子,他们从各个角度对本雅明进行了解读。本雅明的众多主题——寓言、语言、现代性、犹太神学等,在这些解读中呈现出复杂而多样的面孔。
●
相关链接 在E读中查询图书 在五车中查询图书 在当当中查询图书 在豆瓣中查询图书


正题名:论瓦尔特·本雅明     索取号:B516.59/136=2         预约/预借

序号 登录号 条形码 馆藏地/架位号 状态 备注
1 0815040   208150409   第一样本阅览室/ [索取号:B516.59/136=2] 在馆    
2 0815041   208150418   第一借阅区/ [索取号:B516.59/136=2] 在馆    
3 0815042   208150427   第一借阅区/ [索取号:B516.59/136=2] 在馆    
4 0815043   208150436   第一借阅区/ [索取号:B516.59/136=2] 在馆    
唐山师范学院图书馆 欢迎您!
大连网信软件有限公司© 版权所有